| 000 | 00542pam a2200205 a 4500 | ||
|---|---|---|---|
| 020 | _c | ||
| 040 | _aMedical College Libr | ||
| 041 |
_aENG _hENG |
||
| 082 |
_a618.2 _bJEF |
||
| 100 | _aJeffries, D.N. . | ||
| 245 |
_aViral Infection in Obstetrics & Gynaecology / _c _hTextual Documents |
||
| 260 |
_aLondon : _bArnold , _c1999. |
||
| 300 |
_a230 ; _c |
||
| 365 | _a2,915=00 | ||
| 653 |
_aObstetrics _aMedical Science |
||
| 700 | _aHudson, C.N. . | ||
| 930 | _a3422 | ||
| 999 |
_c3421 _d3421 |
||